00493cam a22001692 4500001001100000005001700011008004100028020001500069040001500084100002800099245006000127250001300187260007000200300001700270650003300287852000300320000001357620151217152126.0090927s xx 000 0 eng d a1933392967 aKABUcKABU1 aPahl, Greg.@000017030810aBiodiesel :bgrowing a new energy economy /cGreg Pahl. a2nd ed. aWhite River Junction, Vermont :bChelsea Green Publishing,c2008. axxx, 368 p. 0aBiodiesel fuels.@00001703091